000 00673cam a2200229 a 4500
001 1145012
005 20180131040515.0
008 950824s1996 nyu 000 0 eng
010 _a 95040875
020 _a0684822997
040 _aDLC
_cDLC
_dDLC
041 _aeng
043 _an-us---
080 _a338.16 dav
082 0 0 _a338.16 dav
_220
100 1 _a9
101 _amje
245 1 0 _aFields without dreams :
_cVictor Davis Hanson.
906 _a7
_bcbc
_corignew
_d1
_eocip
_f19
_gy-gencatlg
942 _2ddc
_cBK
999 _c41341
_d41341